ROBINSON CRUSOE (Record no. 19743)

MARC details
000 -LEADER
fixed length control field 00324nam a22001577a 4500
003 - CONTROL NUMBER IDENTIFIER
control field SGT
020 ## - INTERNATIONAL STANDARD BOOK NUMBER
International Standard Book Number 9780198069201
082 ## - DEWEY DECIMAL CLASSIFICATION NUMBER
Classification number 822,DEF
100 ## - MAIN ENTRY--PERSONAL NAME
Personal name DEFOE DANIEL
245 ## - TITLE STATEMENT
Title ROBINSON CRUSOE
250 ## - EDITION STATEMENT
Edition statement 9TH
260 ## - PUBLICATION, DISTRIBUTION, ETC. (IMPRINT)
Place of publication, distribution, etc NEW DELHI
Name of publisher, distributor, etc OXFORD
Year of Publication 2019
300 ## - PAGE DESCRIPTION
No. of Pages 79
650 ## - SUBJECT ADDED ENTRY--TOPICAL TERM
Topical term or geographic name as entry element ENGLISH DRAMA
942 ## - ADDED ENTRY ELEMENTS (KOHA)
Source of classification or shelving scheme Dewey Decimal Classification
Koha item type Books
942 ## - ADDED ENTRY ELEMENTS (KOHA)
-- 8
Holdings
Withdrawn status Lost status Source of classification or shelving scheme Damaged status Use restrictions Not for loan Collection code Home library Current library Shelving location Date acquired Vendor Name Cost, normal purchase price SGTU Bill Number Full call number Accession No. (Barcode) Date last seen Bill Date Koha item type Total Checkouts Date last borrowed Checked out
    Dewey Decimal Classification   Restricted Access Not For Loan ENGINEERING SGT Engineering Library SGT Engineering Library Reference Book 05/02/2020 AHUJA BOOK COMPANY 190.00 SGTU 700 822,DEF FE8005 05/02/2020 30/01/2020 Books      
    Dewey Decimal Classification       ENGINEERING SGT Engineering Library SGT Engineering Library Text Book 05/02/2020 AHUJA BOOK COMPANY 190.00 SGTU 700 822,DEF FE8006 31/05/2023 30/01/2020 Books 1 15/05/2023  
    Dewey Decimal Classification       ENGINEERING SGT Engineering Library SGT Engineering Library Text Book 05/02/2020 AHUJA BOOK COMPANY 190.00 SGTU 700 822,DEF FE8007 05/02/2020 30/01/2020 Books      
    Dewey Decimal Classification       ENGINEERING SGT Engineering Library SGT Engineering Library Text Book 05/02/2020 AHUJA BOOK COMPANY 190.00 SGTU 700 822,DEF FE8008 22/01/2021 30/01/2020 Books 3 11/03/2020  
    Dewey Decimal Classification       ENGINEERING SGT Engineering Library SGT Engineering Library Text Book 05/02/2020 AHUJA BOOK COMPANY 190.00 SGTU 700 822,DEF FE8009 05/02/2020 30/01/2020 Books      
    Dewey Decimal Classification       ENGINEERING SGT Engineering Library SGT Engineering Library Text Book 05/02/2020 AHUJA BOOK COMPANY 190.00 SGTU 700 822,DEF FE8010 05/02/2020 30/01/2020 Books      
    Dewey Decimal Classification       ENGINEERING SGT Engineering Library SGT Engineering Library Text Book 05/02/2020 AHUJA BOOK COMPANY 190.00 SGTU 700 822,DEF FE8011 19/03/2024 30/01/2020 Books 2 05/03/2024  
    Dewey Decimal Classification       ENGINEERING SGT Engineering Library SGT Engineering Library Text Book 05/02/2020 AHUJA BOOK COMPANY 190.00 SGTU 700 822,DEF FE8012 05/02/2020 30/01/2020 Books      
    Dewey Decimal Classification       ENGINEERING SGT Engineering Library SGT Engineering Library Text Book 05/02/2020 AHUJA BOOK COMPANY 190.00 SGTU 700 822,DEF FE8013 05/02/2020 30/01/2020 Books      
    Dewey Decimal Classification       ENGINEERING SGT Engineering Library SGT Engineering Library Text Book 05/02/2020 AHUJA BOOK COMPANY 190.00 SGTU 700 822,DEF FE8014 05/02/2020 30/01/2020 Books      
    Dewey Decimal Classification       ENGINEERING SGT Engineering Library SGT Engineering Library Text Book 05/02/2020 AHUJA BOOK COMPANY 190.00 SGTU 700 822,DEF FE8015 14/09/2022 30/01/2020 Books 1 03/09/2022  
    Dewey Decimal Classification       ENGINEERING SGT Engineering Library SGT Engineering Library Text Book 05/02/2020 AHUJA BOOK COMPANY 190.00 SGTU 700 822,DEF FE8016 05/02/2020 30/01/2020 Books      
    Dewey Decimal Classification       ENGINEERING SGT Engineering Library SGT Engineering Library Text Book 05/02/2020 AHUJA BOOK COMPANY 190.00 SGTU 700 822,DEF FE8017 05/02/2020 30/01/2020 Books      
    Dewey Decimal Classification       ENGINEERING SGT Engineering Library SGT Engineering Library Text Book 05/02/2020 AHUJA BOOK COMPANY 190.00 SGTU 700 822,DEF FE8018 24/03/2025 30/01/2020 Books 2 24/03/2025  
    Dewey Decimal Classification       ENGINEERING SGT Engineering Library SGT Engineering Library Text Book 05/02/2020 AHUJA BOOK COMPANY 190.00 SGTU 700 822,DEF FE8019 28/08/2021 30/01/2020 Books 1 28/08/2021 11/09/2021
    Dewey Decimal Classification       ENGINEERING SGT Engineering Library SGT Engineering Library Text Book 05/02/2020 AHUJA BOOK COMPANY 190.00 SGTU 700 822,DEF FE8020 20/06/2025 30/01/2020 Books 3 23/05/2025  
    Dewey Decimal Classification       ENGINEERING SGT Engineering Library SGT Engineering Library Text Book 05/02/2020 AHUJA BOOK COMPANY 190.00 SGTU 700 822,DEF FE8021 11/11/2022 30/01/2020 Books 3 20/10/2022  
    Dewey Decimal Classification       ENGINEERING SGT Engineering Library SGT Engineering Library Text Book 05/02/2020 AHUJA BOOK COMPANY 190.00 SGTU 700 822,DEF FE8022 05/02/2020 30/01/2020 Books      
    Dewey Decimal Classification       ENGINEERING SGT Engineering Library SGT Engineering Library Text Book 05/02/2020 AHUJA BOOK COMPANY 190.00 SGTU 700 822,DEF FE8023 07/05/2024 30/01/2020 Books 1 22/04/2024  
    Dewey Decimal Classification       ENGINEERING SGT Engineering Library SGT Engineering Library Text Book 05/02/2020 AHUJA BOOK COMPANY 190.00 SGTU 700 822,DEF FE8024 05/02/2020 30/01/2020 Books